[Event "Nyiregyhaza op"]
[Site "Nyiregyhaza"]
[Date "2005.07.16"]
[Round "8"]
[White "Toth, Norbert"]
[Black "Thuroczy, Balazs"]
[Result "0-1"]
[WhiteElo "1938"]
[BlackElo "1970"]
[PlyCount "46"]
[EventDate "2005.07.09"]
[EventType "swiss"]
[EventRounds "9"]
[EventCountry "HUN"]
[SourceTitle "EXT 2008"]
[Source "ChessBase"]
[SourceDate "2007.11.25"]
[SourceVersion "1"]
[SourceVersionDate "2007.11.25"]
[SourceQuality "1"]

1. e4 d6 2. d4 g6 3. Nc3 Bg7 4. Be3 Nf6 5. f3 c6 6. Qd2 Qa5 7. 0-0-0 b5 8. Kb1 a6 9. g4 h5 10. g5 Nfd7 11. f4 Nb6 12. Bd3 Nc4 13. Bxc4 bxc4 14. Nge2 Nd7 15. f5 Rb8 16. Ka1 0-0 17. Nf4 Kh7 18. Qe2 Qb4 19. Rb1 Nc5 20. Rhg1 Na4 21. Nxa4 Qxa4 22. c3 Rb5 23. Qd1 Qxa2+ 0-1

[Event "Nyiregyhaza op"]
[Site "Nyiregyhaza"]
[Date "2005.07.15"]
[Round "7"]
[White "Thuroczy, Balazs"]
[Black "Kadar, Janos"]
[Result "0-1"]
[WhiteElo "1970"]
[BlackElo "1966"]
[PlyCount "68"]
[EventDate "2005.07.09"]
[EventType "swiss"]
[EventRounds "9"]
[EventCountry "HUN"]
[SourceTitle "EXT 2008"]
[Source "ChessBase"]
[SourceDate "2007.11.25"]
[SourceVersion "1"]
[SourceVersionDate "2007.11.25"]
[SourceQuality "1"]

1. d4 Nf6 2. c4 c5 3. d5 b5 4. cxb5 a6 5. e3 d6 6. Nc3 Nbd7 7. Nf3 g6 8. Be2 Bg7 9. 0-0 Ng4 10. Ng5 Ngf6 11. Nf3 0-0 12. Nd2 axb5 13. Bxb5 Ba6 14. e4 Bxb5 15. Nxb5 Qb6 16. a4 Rfc8 17. Qe2 Ne5 18. Nc4 Nxc4 19. Qxc4 Nd7 20. Be3 Bxb2 21. Rab1 Bg7 22. f4 Qa5 23. Rfc1 Qxa4 24. e5 Qxc4 25. Rxc4 dxe5 26. d6 exd6 27. Nxd6 Rc6 28. Rd1 exf4 29. Bxf4 Nb6 30. Rcc1 Na4 31. Nc4 Bd4+ 32. Be3 Nc3 33. Re1 Re8 34. Bf2 Rce6 0-1

[Event "Nyiregyhaza op"]
[Site "Nyiregyhaza"]
[Date "2004.07.15"]
[Round "6"]
[White "Kiss, Balazs"]
[Black "Thuroczy, Balazs"]
[Result "1/2-1/2"]
[WhiteElo "2111"]
[BlackElo "1966"]
[PlyCount "86"]
[EventDate "2004.07.10"]
[EventType "swiss"]
[EventRounds "9"]
[EventCountry "HUN"]
[SourceTitle "EXT 2008"]
[Source "ChessBase"]
[SourceDate "2007.11.25"]
[SourceVersion "1"]
[SourceVersionDate "2007.11.25"]
[SourceQuality "1"]

1. e4 g6 2. d4 Bg7 3. Nf3 d6 4. Bd3 Nc6 5. c3 a6 6. 0-0 Nf6 7. d5 Na7 8. c4 c5 9. Nc3 0-0 10. h3 Nd7 11. Bf4 b5 12. cxb5 Nxb5 13. Qc1 Nd4 14. Nxd4 Bxd4 15. Bh6 Re8 16. Ne2 Bh8 17. Rb1 Ne5 18. Qc2 Bd7 19. Kh1 Qc8 20. f4 Nxd3 21. Qxd3 Bb5 22. Qf3 Bxe2 23. Qxe2 Bg7 24. Bxg7 Kxg7 25. f5 f6 26. h4 Rh8 27. Qg4 Qe8 28. Rf3 Rg8 29. Rg3 Kh8 30. Qf4 Qf7 31. Rf1 gxf5 32. Rxg8+ Rxg8 33. Qxf5 Qg6 34. Qxg6 Rxg6 35. Rf4 Rg3 36. Kg1 Rd3 37. g4 h6 38. h5 Kg7 39. Kf1 Rh3 40. Ke2 Rh2+ 41. Rf2 Rh3 42. Rf3 Rh2+ 43. Rf2 Rh1 1/2-1/2

[Event "Nyiregyhaza op"]
[Site "Nyiregyhaza"]
[Date "2004.07.13"]
[Round "4"]
[White "Blazsik, Zoltan"]
[Black "Thuroczy, Balazs"]
[Result "1-0"]
[WhiteElo "2094"]
[BlackElo "1966"]
[PlyCount "73"]
[EventDate "2004.07.10"]
[EventType "swiss"]
[EventRounds "9"]
[EventCountry "HUN"]
[SourceTitle "EXT 2008"]
[Source "ChessBase"]
[SourceDate "2007.11.25"]
[SourceVersion "1"]
[SourceVersionDate "2007.11.25"]
[SourceQuality "1"]

1. d4 g6 2. c4 Bg7 3. Nf3 d6 4. Nc3 c5 5. e3 Na6 6. h3 Nf6 7. Bd3 0-0 8. 0-0 Nc7 9. Qc2 b6 10. Rd1 Bb7 11. e4 Qc8 12. Be3 Nd7 13. Qd2 a6 14. a4 Rd8 15. d5 Rf8 16. Bh6 f6 17. Re1 a5 18. Nh4 Ne5 19. Bxg7 Kxg7 20. Be2 Qe8 21. f4 Nf7 22. Rad1 Bc8 23. Qe3 Bd7 24. b3 Na6 25. Qg3 Nb4 26. Rd2 Nh8 27. Bg4 Bxg4 28. hxg4 Nf7 29. Nb5 Qd7 30. Rde2 Rae8 31. Rd1 Rg8 32. Rf1 Rgf8 33. Rf3 Nh6 34. g5 fxg5 35. Qxg5 Qg4 36. Nc7 Qxg5 37. fxg5 1-0

[Event "Nyiregyhaza op"]
[Site "Nyiregyhaza"]
[Date "2004.07.11"]
[Round "2"]
[White "Fekete, Istvan1111"]
[Black "Thuroczy, Balazs"]
[Result "1/2-1/2"]
[WhiteElo "2097"]
[BlackElo "1966"]
[PlyCount "47"]
[EventDate "2004.07.10"]
[EventType "swiss"]
[EventRounds "9"]
[EventCountry "HUN"]
[SourceTitle "EXT 2008"]
[Source "ChessBase"]
[SourceDate "2007.11.25"]
[SourceVersion "1"]
[SourceVersionDate "2007.11.25"]
[SourceQuality "1"]

1. d4 g6 2. c4 Bg7 3. Nc3 d6 4. e4 c5 5. d5 Nf6 6. Be2 0-0 7. f4 a6 8. a4 Qc7 9. Nf3 b6 10. 0-0 Bb7 11. Nh4 Nbd7 12. Be3 e6 13. Qd2 exd5 14. exd5 Rae8 15. Bf3 Re7 16. Bf2 Rfe8 17. g4 Nf8 18. g5 N6d7 19. f5 f6 20. fxg6 hxg6 21. Rae1 f5 22. Ng2 Ne5 23. Be2 Bc8 24. h3 1/2-1/2

[Event "Nyiregyhaza op"]
[Site "Nyiregyhaza"]
[Date "2003.07.09"]
[Round "5"]
[White "Thuroczy, Balazs"]
[Black "Szilagyi, Sandor"]
[Result "0-1"]
[WhiteElo "2011"]
[BlackElo "2084"]
[PlyCount "58"]
[EventDate "2003.07.05"]
[EventType "swiss"]
[EventRounds "9"]
[EventCountry "HUN"]
[SourceTitle "EXT 2005"]
[Source "ChessBase"]
[SourceDate "2004.11.15"]
[SourceVersion "1"]
[SourceVersionDate "2004.11.15"]
[SourceQuality "1"]

1. d4 d5 2. c4 e6 3. Nf3 c6 4. cxd5 exd5 5. Nc3 Nf6 6. a3 h6 7. h3 Bd6 8. e3 0-0 9. Bd3 Re8 10. Qc2 Nbd7 11. Bd2 a5 12. g4 Nf8 13. g5 hxg5 14. Nxg5 c5 15. Nxd5 g6 16. Nxf6+ Qxf6 17. Rg1 Bf4 18. Ne4 Rxe4 19. Bxe4 Bh6 20. dxc5 Bg7 21. Bc3 Qe7 22. Bxg7 Kxg7 23. 0-0-0 Be6 24. Qc3+ f6 25. Kb1 Rc8 26. Rc1 Bxh3 27. Qxa5 Qxe4+ 28. Ka1 Be6 29. Rgd1 Qc6 0-1

[Event "Nyiregyhaza op"]
[Site "Nyiregyhaza"]
[Date "2003.07.07"]
[Round "3"]
[White "Korpas, Zoltan"]
[Black "Thuroczy, Balazs"]
[Result "1-0"]
[WhiteElo "2110"]
[BlackElo "2011"]
[PlyCount "65"]
[EventDate "2003.07.05"]
[EventType "swiss"]
[EventRounds "9"]
[EventCountry "HUN"]
[SourceTitle "EXT 2005"]
[Source "ChessBase"]
[SourceDate "2004.11.15"]
[SourceVersion "1"]
[SourceVersionDate "2004.11.15"]
[SourceQuality "1"]

1. e4 g6 2. d4 Bg7 3. Nc3 d6 4. Be2 Nf6 5. g4 h5 6. g5 Nfd7 7. f4 c5 8. d5 a6 9. a4 Qc7 10. Qd3 b6 11. Nf3 Bb7 12. Nh4 Nf8 13. b3 Nbd7 14. Bb2 Rg8 15. Nd1 Bxb2 16. Nxb2 0-0-0 17. Nf3 Kb8 18. h4 Nh7 19. Rf1 Rdf8 20. f5 Re8 21. 0-0-0 Nhf8 22. Nc4 f6 23. Qc3 gxf5 24. exf5 b5 25. axb5 axb5 26. Ne3 b4 27. Qd3 fxg5 28. hxg5 Qa5 29. Kd2 c4 30. Qxc4 Rc8 31. Qb5 Qa2 32. Bd3 Nc5 33. Qxb4 1-0

[Event "Piremon Nyirsegi Torna op"]
[Site "Nyiregyhaza"]
[Date "2002.07.06"]
[Round "8"]
[White "Ronyai, Imre"]
[Black "Thuroczy, Balazs"]
[Result "0-1"]
[WhiteElo "2095"]
[BlackElo "2020"]
[PlyCount "91"]
[EventDate "2002.06.29"]
[EventType "swiss"]
[EventRounds "9"]
[EventCountry "HUN"]
[SourceTitle "EXT 2004"]
[Source "ChessBase"]
[SourceDate "2003.11.25"]
[SourceVersion "1"]
[SourceVersionDate "2003.11.25"]
[SourceQuality "1"]

1. e4 d6 2. d4 Nf6 3. Nc3 g6 4. f4 Bg7 5. Nf3 c6 6. Be2 b5 7. a3 a6 8. 0-0 Qb6 9. Kh1 Bb7 10. Be3 Nbd7 11. Bg1 Qc7 12. Qe1 0-0 13. Rb1 e5 14. fxe5 dxe5 15. dxe5 Nxe5 16. Nxe5 Qxe5 17. Bf3 Rfe8 18. h3 Nd7 19. Rd1 Qe7 20. Qe3 Be5 21. Rd3 c5 22. Rfd1 Nf6 23. Qxc5 Qxc5 24. Bxc5 Bxc3 25. bxc3 Bxe4 26. Rd6 Bxf3 27. gxf3 Nh5 28. R1d2 Nf4 29. Bd4 Re1+ 30. Kh2 Re2+ 31. Rxe2 Nxe2 32. Bf6 Nf4 33. h4 h6 34. c4 Ne6 35. Rc6 Kf8 36. Kg3 h5 37. f4 Ke8 38. f5 gxf5 39. Rd6 Rc8 40. Rxa6 Rxc4 41. Ra8+ Kd7 42. c3 Nc5 43. Bd4 Ne4+ 44. Kf3 Nxc3 45. Bxc3 Rxc3+ 46. Kf4 0-1

[Event "Piremon Nyirsegi Torna op"]
[Site "Nyiregyhaza"]
[Date "2002.07.04"]
[Round "6"]
[White "Gosztolya, Ferenc"]
[Black "Thuroczy, Balazs"]
[Result "1-0"]
[WhiteElo "2177"]
[BlackElo "2020"]
[PlyCount "37"]
[EventDate "2002.06.29"]
[EventType "swiss"]
[EventRounds "9"]
[EventCountry "HUN"]
[SourceTitle "EXT 2004"]
[Source "ChessBase"]
[SourceDate "2003.11.25"]
[SourceVersion "1"]
[SourceVersionDate "2003.11.25"]
[SourceQuality "1"]

1. c4 Nf6 2. Nc3 g6 3. g3 Bg7 4. Bg2 c6 5. e4 d6 6. Nge2 Nbd7 7. 0-0 0-0 8. d3 e5 9. b4 b6 10. h3 h5 11. Rb1 Nh7 12. Be3 c5 13. a3 Rb8 14. Nb5 Ndf6 15. Nxa7 Bd7 16. Nb5 Be6 17. Nec3 Qd7 18. Kh2 Ra8 19. f4 1-0

[Event "Tapolca Evadnyito op"]
[Site "Budapest"]
[Date "2002.01.09"]
[Round "6"]
[White "Szabo, Bela"]
[Black "Thuroczy, Balazs"]
[Result "0-1"]
[WhiteElo "2034"]
[BlackElo "2020"]
[PlyCount "88"]
[EventDate "2002.01.04"]
[EventType "swiss"]
[EventRounds "9"]
[EventCountry "HUN"]
[SourceTitle "EXT 2004"]
[Source "ChessBase"]
[SourceDate "2003.11.25"]
[SourceVersion "1"]
[SourceVersionDate "2003.11.25"]
[SourceQuality "1"]

1. e4 d6 2. d4 Nf6 3. Nc3 g6 4. f3 c6 5. Be3 b5 6. Bd3 Nbd7 7. Nge2 Bg7 8. a3 a5 9. Ng3 Bb7 10. Qd2 b4 11. Nce2 0-0 12. Bh6 Qc7 13. h4 c5 14. Bb5 cxd4 15. Bxd7 Qxd7 16. h5 e5 17. Bxg7 Kxg7 18. hxg6 fxg6 19. a4 Ba6 20. b3 Rac8 21. Nc1 Qc7 22. Kd1 Qc3 23. Ra2 Qxd2+ 24. Kxd2 Rc7 25. Nce2 Rfc8 26. Rc1 d5 27. Rb2 dxe4 28. Nxe4 Nxe4+ 29. fxe4 Bxe2 30. Kxe2 Rc3 31. Kd2 Re3 32. Re1 Rxe1 33. Kxe1 Rc3 34. Kd2 Re3 35. Rb1 Rxe4 36. Kd3 Re3+ 37. Kc4 Rc3+ 38. Kb5 Rxc2 39. Kxa5 d3 40. Rd1 d2 41. Kb6 e4 42. a5 e3 43. a6 e2 44. a7 Rc8 0-1

[Event "Tapolca Evadnyito op"]
[Site "Budapest"]
[Date "2002.01.05"]
[Round "2"]
[White "Resika, Nathan A"]
[Black "Thuroczy, Balazs"]
[Result "1-0"]
[WhiteElo "2241"]
[BlackElo "2020"]
[PlyCount "56"]
[EventDate "2002.01.04"]
[EventType "swiss"]
[EventRounds "9"]
[EventCountry "HUN"]
[SourceTitle "EXT 2004"]
[Source "ChessBase"]
[SourceDate "2003.11.25"]
[SourceVersion "1"]
[SourceVersionDate "2003.11.25"]
[SourceQuality "1"]

1. e4 d6 2. d4 Nf6 3. Nc3 g6 4. Be3 c6 5. Qd2 b5 6. Bd3 Bg7 7. Nf3 a5 8. h3 Bd7 9. 0-0 Na6 10. Bh6 0-0 11. Bxg7 Kxg7 12. Rfe1 Nc7 13. Ne2 Re8 14. Ng3 e5 15. Bf1 b4 16. a3 c5 17. dxe5 dxe5 18. Qd6 Bb5 19. Qxc5 Bxf1 20. Rxf1 Na6 21. Qe3 Qc7 22. Nf5+ Kh8 23. Qh6 Nh5 24. Ne3 f6 25. axb4 Nxb4 26. c3 Nd3 27. Nd5 Qg7 28. Qxg7+ Kxg7 1-0

[Event "Nyiregyhaza op"]
[Site "Nyiregyhaza"]
[Date "2001.07.10"]
[Round "4"]
[White "Thuroczy, Balazs"]
[Black "Kiss, Balazs"]
[Result "0-1"]
[WhiteElo "2020"]
[BlackElo "2065"]
[PlyCount "142"]
[EventDate "2001.07.07"]
[EventType "swiss"]
[EventRounds "9"]
[EventCountry "HUN"]
[SourceTitle "EXT 2008"]
[Source "ChessBase"]
[SourceDate "2007.11.25"]
[SourceVersion "1"]
[SourceVersionDate "2007.11.25"]
[SourceQuality "1"]

1. d4 Nf6 2. c4 e6 3. Nf3 b6 4. e3 Bb7 5. Be2 Be7 6. a3 0-0 7. 0-0 d5 8. Nbd2 c5 9. b3 Nc6 10. Bb2 Rc8 11. dxc5 bxc5 12. Qc2 Qb6 13. Rfd1 Nd7 14. Bd3 g6 15. h4 d4 16. h5 f5 17. e4 Nce5 18. exf5 gxf5 19. Re1 Bf6 20. Kh1 Ng4 21. Kg1 Qd6 22. Bxf5 exf5 23. Qxf5 Nh6 24. Qe6+ Qxe6 25. Rxe6 Rc6 26. Rae1 Rxe6 27. Rxe6 Kf7 28. Re1 Re8 29. b4 Rxe1+ 30. Nxe1 Ng4 31. Nd3 Nge5 32. Nxe5+ Bxe5 33. f3 cxb4 34. axb4 d3 35. Bxe5 Nxe5 36. Kf2 Bc8 37. g4 Be6 38. c5 a6 39. Ke3 Nc6 40. Kxd3 Nxb4+ 41. Kd4 Nc6+ 42. Ke3 a5 43. Ne4 Ke7 44. g5 a4 45. Kd2 a3 46. Kc2 a2 47. Kb2 Nd4 48. Nc3 Nxf3 49. g6 h6 50. Nxa2 Bg4 51. g7 Kf7 52. Kc3 Kxg7 53. Kd3 Bxh5 54. Ke3 Ne5 55. Nc1 Kf6 56. Nb3 Be8 57. Kf4 Ba4 58. Nc1 Bb5 59. Ke3 Kf5 60. Nb3 Kg4 61. Kf2 h5 62. Nd4 Bc6 63. Nxc6 Nxc6 64. Kg2 h4 65. Kh2 h3 66. Kh1 Nd4 67. Kh2 Nc6 68. Kh1 Kg3 69. Kg1 Ne5 70. Kh1 h2 71. c6 Nd3 0-1

[Event "Nyiregyhaza op"]
[Site "Nyiregyhaza"]
[Date "2001.07.08"]
[Round "2"]
[White "Kovacs, Arpad"]
[Black "Thuroczy, Balazs"]
[Result "1-0"]
[WhiteElo "2108"]
[BlackElo "2020"]
[PlyCount "67"]
[EventDate "2001.07.07"]
[EventType "swiss"]
[EventRounds "9"]
[EventCountry "HUN"]
[SourceTitle "EXT 2008"]
[Source "ChessBase"]
[SourceDate "2007.11.25"]
[SourceVersion "1"]
[SourceVersionDate "2007.11.25"]
[SourceQuality "1"]

1. e4 d6 2. d4 Nf6 3. Nc3 g6 4. f3 c6 5. Be3 b5 6. Qd2 Bg7 7. Nge2 Nbd7 8. Bh6 Bxh6 9. Qxh6 Qa5 10. Nc1 Qb6 11. Qd2 a6 12. N3e2 Bb7 13. g4 Rc8 14. Ng3 h5 15. g5 Nh7 16. h4 e6 17. Nce2 d5 18. 0-0-0 c5 19. Kb1 cxd4 20. Nxd4 0-0 21. Bh3 Rfd8 22. Qe2 Rc4 23. Nb3 Rdc8 24. Rd2 Nhf8 25. Bf1 R4c7 26. Qd1 Nc5 27. e5 Nxb3 28. axb3 Qe3 29. Bd3 Qxe5 30. Ne2 Nd7 31. b4 Qd6 32. f4 Qxb4 33. Rf1 Nc5 34. c3 1-0

[Event "Nyiregyhaza op"]
[Site "Nyiregyhaza"]
[Date "2001.07.07"]
[Round "1"]
[White "Zalai, Mihaly"]
[Black "Thuroczy, Balazs"]
[Result "1-0"]
[WhiteElo "2148"]
[BlackElo "2020"]
[PlyCount "97"]
[EventDate "2001.07.07"]
[EventType "swiss"]
[EventRounds "9"]
[EventCountry "HUN"]
[SourceTitle "EXT 2008"]
[Source "ChessBase"]
[SourceDate "2007.11.25"]
[SourceVersion "1"]
[SourceVersionDate "2007.11.25"]
[SourceQuality "1"]

1. d4 Nf6 2. c4 g6 3. Nc3 Bg7 4. e4 d6 5. f3 Nc6 6. Nge2 e5 7. d5 Ne7 8. Be3 b6 9. Nc1 a5 10. Be2 Nd7 11. Nd3 Ba6 12. b3 f5 13. 0-0 0-0 14. a3 h6 15. Nb2 g5 16. b4 Qc8 17. Nba4 Rb8 18. Qd2 Ra8 19. c5 Bxe2 20. Qxe2 fxe4 21. fxe4 Rxf1+ 22. Rxf1 axb4 23. axb4 bxc5 24. bxc5 Qa6 25. Qg4 Rf8 26. Qe6+ Kh8 27. Rxf8+ Nxf8 28. Qxe7 Qd3 29. Kf2 Qc2+ 30. Ke1 Ng6 31. Qe8+ Kh7 32. Qb5 Nf4 33. Bxf4 exf4 34. e5 Bxe5 35. Qb1 Bxc3+ 36. Nxc3 Qxb1+ 37. Nxb1 dxc5 38. Nc3 Kg6 39. Ne4 c4 40. Nd2 c3 41. Ne4 c2 42. Kd2 Kf5 43. Nf2 h5 44. Kxc2 Ke5 45. Kd3 g4 46. Kc4 f3 47. g3 Kd6 48. Kd4 c5+ 49. Kc4 1-0

[Event "Nyiregyhaza op"]
[Site "Nyiregyhaza"]
[Date "1999.07.11"]
[Round "2"]
[White "Pal, Ferenc"]
[Black "Thuroczy, Balazs"]
[Result "1-0"]
[WhiteElo "2100"]
[BlackElo "2020"]
[PlyCount "90"]
[EventDate "1999.07.??"]
[EventType "swiss"]
[EventRounds "9"]
[EventCountry "HUN"]
[SourceTitle "EXT 2004"]
[Source "ChessBase"]
[SourceDate "2003.11.25"]
[SourceVersion "1"]
[SourceVersionDate "2003.11.25"]
[SourceQuality "1"]

1. e4 d6 2. f4 Nf6 3. Nc3 g6 4. Nf3 Bg7 5. d4 c6 6. Be2 0-0 7. 0-0 b5 8. e5 dxe5 9. fxe5 Nd5 10. Ne4 h6 11. Kh1 Qb6 12. b3 Bf5 13. Ng3 Bg4 14. h3 Nc3 15. Qe1 Bxf3 16. Qxc3 Bxe2 17. Nxe2 b4 18. Qg3 e6 19. Be3 Qd8 20. Rf4 g5 21. Rf3 Nd7 22. Raf1 f5 23. exf6 Nxf6 24. Qe5 Qe7 25. Ng3 Nd5 26. Rxf8+ Rxf8 27. Rxf8+ Kxf8 28. Qe4 Qf7 29. Bg1 Ke7 30. Qd3 h5 31. Qc4 h4 32. Ne4 Qf4 33. Nc5 Qd2 34. Ne4 Qf4 35. Qc5+ Kf7 36. Nd6+ Kg6 37. Qxc6 Bxd4 38. Qe8+ Kh7 39. Bxd4 Qxd4 40. Qh5+ Kg7 41. Qxg5+ Kh7 42. Qh5+ Kg7 43. Qf7+ Kh8 44. Qxe6 Qf2 45. Qe5+ Kh7 1-0

[Event "Harkany Tenkes Cup"]
[Site "Harkany"]
[Date "1998.??.??"]
[Round "?"]
[White "Szemzo, Lajos"]
[Black "Thuroczy, Balazs"]
[Result "1/2-1/2"]
[WhiteElo "2095"]
[BlackElo "2020"]
[PlyCount "43"]
[EventDate "1998.11.??"]
[EventType "swiss"]
[EventRounds "9"]
[EventCountry "HUN"]
[SourceTitle "EXT 2002"]
[Source "ChessBase"]
[SourceDate "2001.11.25"]
[SourceVersion "1"]
[SourceVersionDate "2001.11.25"]
[SourceQuality "1"]

1. d4 Nf6 2. c4 e6 3. Nc3 d5 4. Nf3 c6 5. a4 Bb4 6. Bd2 0-0 7. e3 Nbd7 8. Be2 dxc4 9. Bxc4 Qa5 10. 0-0 e5 11. Qc2 exd4 12. Nxd4 Ne5 13. Nb3 Qd8 14. Be2 Qe7 15. Rfd1 g6 16. Na2 Bxd2 17. Rxd2 Be6 18. Rad1 Rad8 19. Rxd8 Rxd8 20. Rxd8+ Qxd8 21. Nac1 Bd5 22. Qc3 1/2-1/2

[Event "Nyiregyhaza op"]
[Site "Nyiregyhaza"]
[Date "1998.??.??"]
[Round "2"]
[White "Thuroczy, Balazs"]
[Black "Kovacs, Arpad"]
[Result "0-1"]
[WhiteElo "2020"]
[BlackElo "2120"]
[PlyCount "56"]
[EventDate "1998.07.??"]
[EventType "swiss"]
[EventRounds "9"]
[EventCountry "HUN"]
[SourceTitle "EXT 2002"]
[Source "ChessBase"]
[SourceDate "2001.11.25"]
[SourceVersion "1"]
[SourceVersionDate "2001.11.25"]
[SourceQuality "1"]

1. d4 Nf6 2. c4 e6 3. Nc3 d5 4. e3 Be7 5. Nf3 0-0 6. Bd3 Nbd7 7. Qc2 dxc4 8. Bxc4 c5 9. dxc5 Bxc5 10. a3 a6 11. b4 Ba7 12. Bb2 Qe7 13. h4 Rd8 14. Ng5 b5 15. Be2 Bb7 16. Bf3 Bxf3 17. gxf3 Rac8 18. Qb1 Ne5 19. Nce4 Nd3+ 20. Ke2 Nxb2 21. Qxb2 Nh5 22. Rhg1 g6 23. Ng3 Nxg3+ 24. Rxg3 Bb8 25. Rg2 f6 26. Ne4 Be5 27. Qa2 Bxa1 28. Qxa1 Rc2+ 0-1

[Event "Harkany Tenkes Cup"]
[Site "Harkany"]
[Date "1997.??.??"]
[Round "4"]
[White "Thuroczy, Balazs"]
[Black "Dovzik, Juri"]
[Result "0-1"]
[WhiteElo "2020"]
[BlackElo "2410"]
[PlyCount "62"]
[EventDate "1997.11.??"]
[EventType "swiss"]
[EventRounds "9"]
[EventCountry "HUN"]
[SourceTitle "EXT 2001"]
[Source "ChessBase"]
[SourceDate "2000.11.22"]
[SourceVersion "1"]
[SourceVersionDate "2000.11.22"]
[SourceQuality "1"]

1. d4 d5 2. c4 c6 3. Nc3 Nf6 4. Nf3 a6 5. c5 Nbd7 6. e3 g6 7. Bd3 Bg7 8. Qc2 0-0 9. h4 Qc7 10. Bd2 e5 11. Nxe5 Nxe5 12. dxe5 Qxe5 13. 0-0-0 Rb8 14. Na4 Qe7 15. Bc3 Re8 16. Bd4 Be6 17. f3 Nd7 18. Rde1 b5 19. cxb6 c5 20. Bxg7 Kxg7 21. Qc3+ f6 22. Kb1 c4 23. Bc2 Nxb6 24. g4 Bd7 25. Nxb6 Rxb6 26. g5 Reb8 27. h5 Rxb2+ 28. Qxb2 Rxb2+ 29. Kxb2 Qb4+ 30. Ka1 fxg5 31. h6+ Kf6 0-1